Programming Perl / (Record no. 262)

MARC details
000 -LEADER
fixed length control field 01075cam a2200313 a 4500
001 - CONTROL NUMBER
control field 17259930
005 - DATE AND TIME OF LATEST TRANSACTION
control field 20200421093825.0
008 - FIXED-LENGTH DATA ELEMENTS--GENERAL INFORMATION
fixed length control field 120417s2012 ch a b 001 0 eng
010 ## - LIBRARY OF CONGRESS CONTROL NUMBER
LC control number 2012392268
020 ## - INTERNATIONAL STANDARD BOOK NUMBER
International Standard Book Number 9780596004927
040 ## - CATALOGING SOURCE
Original cataloging agency DLC
Transcribing agency DLC
Modifying agency DLC
042 ## - AUTHENTICATION CODE
Authentication code pcc
050 00 - LIBRARY OF CONGRESS CALL NUMBER
Classification number QA76.73.P22
Item number W35 2012
082 00 - DEWEY DECIMAL CLASSIFICATION NUMBER
Classification number 005.13/3
Edition information 23
100 1# - MAIN ENTRY--PERSONAL NAME
Personal name Christiansen, Tom.
9 (RLIN) 482
245 10 - TITLE STATEMENT
Title Programming Perl /
Statement of responsibility, etc. Tom Christiansen, Brian D. Foy & Larry Wall.
250 ## - EDITION STATEMENT
Edition statement 4th ed.
260 ## - PUBLICATION, DISTRIBUTION, ETC.
Place of publication, distribution, etc. Beijing ;
-- Sebastopol :
Name of publisher, distributor, etc. O'Reilly,
Date of publication, distribution, etc. c2012.
300 ## - PHYSICAL DESCRIPTION
Extent xli, 1130 p. :
Other physical details ill. ;
Dimensions 24 cm.
500 ## - GENERAL NOTE
General note Rev. ed. of: Programming Perl / Larry Wall, Tom Christiansen & Jon Orwant. 2000. 3rd ed.
504 ## - BIBLIOGRAPHY, ETC. NOTE
Bibliography, etc. note Includes bibliographical references and index.
650 #0 - SUBJECT ADDED ENTRY--TOPICAL TERM
Topical term or geographic name entry element Perl (Computer program language)
9 (RLIN) 19
700 1# - ADDED ENTRY--PERSONAL NAME
Personal name Foy, Brian D.
9 (RLIN) 148
700 1# - ADDED ENTRY--PERSONAL NAME
Personal name Wall, Larry.
9 (RLIN) 483
700 1# - ADDED ENTRY--PERSONAL NAME
Personal name Wall, Larry.
Title of a work Programming Perl.
9 (RLIN) 484
906 ## - LOCAL DATA ELEMENT F, LDF (RLIN)
a 7
b cbc
c origcop
d 2
e ncip
f 20
g y-gencatlg
942 ## - ADDED ENTRY ELEMENTS (KOHA)
Source of classification or shelving scheme Dewey Decimal Classification
Koha item type Books
Holdings
Withdrawn status Lost status Damaged status Not for loan Collection Home library Current library Shelving location Date acquired Barcode Date last seen Price effective from Koha item type
        Reference Centerville Centerville General stacks 09/04/2014 39999000011418 09/04/2014 09/04/2014 Books